|
|
|
|
| LEADER |
00000nab a2200000 a 4500 |
| 001 |
vtls000545911 |
| 003 |
SK-MaSNL |
| 005 |
20260303011925.0 |
| 008 |
150430c1995 xo 0 slo |
| 015 |
|
|
|a SNBRB19rr/mm-uuuuu
|
| 035 |
|
|
|a CL0546049
|
| 040 |
|
|
|a SNKBUCL
|b slo
|c SNKBUCL
|e AACR2
|
| 041 |
0 |
|
|a slo
|
| 044 |
|
|
|a xo
|c SK
|
| 080 |
|
|
|a 336.767:336.215.2
|2 1981
|
| 080 |
|
|
|a 336.215.2
|2 1981
|
| 100 |
1 |
|
|a Pintér, Michal
|4 aut
|9 900120
|
| 245 |
1 |
0 |
|a Zdaňovanie brzdou rozvoja?
|c Michal Pintér
|
| 650 |
0 |
7 |
|a trh kapitálový
|2 snkbucl
|9 288344
|
| 650 |
0 |
7 |
|a kolektívne investovanie
|2 snkbucl
|9 74595
|
| 650 |
0 |
7 |
|a daň z príjmov z kapitálového majetku
|2 snkbucl
|9 859128
|
| 655 |
|
7 |
|a články z novín a časopisov
|2 snkbucl
|9 267496
|
| 773 |
0 |
|
|t Hospodárske noviny
|g Č. 57 (22. 3. 1995)
|x 0862-9567
|
| 773 |
0 |
|
|t [Príl.] Burzové noviny
|g Č. 57, s. 10
|x 0862-9567
|
| 850 |
|
|
|a Slovenská národná knižnica v Martine
|a MTA001
|
| 852 |
|
|
|a SNK
|b KIS3GCP
|
| 958 |
|
|
|a RK
|
| 958 |
|
|
|a SK
|
| 992 |
|
|
|a RBX
|
| 999 |
|
|
|c 1594721
|d 1596651
|